| 000 | 00375nam a2200145Ia 4500 | ||
|---|---|---|---|
| 008 | 230312s9999||||xx |||||||||||||| ||und|| | ||
| 082 |
_a657 _bAHM-A |
||
| 100 | _aIqbal Ahmad | ||
| 245 | 0 | _aAccounting Principles | |
| 260 |
_bPakistan Publishers LTD. _aKarachi _c1974 |
||
| 300 | _a743 | ||
| 546 | _aEng. | ||
| 650 |
_aAccounting _vBasic Structure of Accounting |
||
| 942 | _cBK | ||
| 999 |
_c4957 _d4957 |
||